000 01022nam a2200241Ia 4500
003 Ost
005 20260507075551.0
008 260507s9999||||xx |||||||||||||| ||und||
020 _a9961009746
040 _cfsecg
041 _aara
082 _a333.5
100 _aحجري، فؤاد
_eمؤلف
245 0 _aالعقار الأملاك العمومية وأملاك الدولة /
_c فؤاد حجري
260 _aالجزائر :
_bديوان المطبوعات الجامعية,
_c2006
300 _a578 صفحة؛
_bإيضاحات ؛
_c24 سم
490 _aسلسلة القونين الإدارية
520 _aيعتبر هذا الكتاب جزء من سلسلة القوانين الإدارية يحمل مجموعة من القوانين الخاصة بالعقارات والأملاك العمومية وأملاك الدولة
653 _aالعقارات
653 _aالملكية العقارية
700 _aبن بلة ، أحمد
_eمؤلف ثانوي
942 _cكتاب
999 _c44914
_d44914